000 00541cas a22001694i 4500
999 _c50766
_d50766
001 768714001
003 CO-MdFUSB
005 20180406165905.0
008 180406s2003 cr ||||| |||| 00| 0 spa d
040 _aCO-MdFUSB
_bspa
_cCO-MdFUSB
_dCO-MdFUSB
041 _aspa
100 1 _aZelaya, Hugo M.
_eautor
245 1 0 _aDios de todo, o no del todo
300 _aVolumen 6. Número 11 (2004), páginas 162-165
_c: 28 cm.
773 0 _tConquista Cristiana
_049446
_960251
_gVolumen 6. Número 11 (2004), páginas 162-165
_qpágina 162
942 _cANA